000 00820nas a2200277 4500
001 BR2012002804
003 BR-BrBNA
005 20231205120439.0
007 ta
008 230509b bl.|||p| |||| 00| 00por d
040 _aBR-BrBNA
_bpor
_cBiblioteca Nacional de Agricultura
041 _a(Pt)
072 _aK10; N20
100 1 _aLatorraca, J.V. de
100 1 _aRodrigues, N.D.
100 1 _aVieira, M.C.
100 1 _aOhana, C.C.
100 1 _aTeixeira, J.G.
245 1 _aEfeito da umidade da madeira na propagação de ondas mecânicas
650 _aEQUIPAMENTO FLORESTAL
650 _aMADEIRA
650 _aUMIDADE
773 0 _tFloresta e Ambiente (Brazil)
_xISSN 1415-0980
_g(Oct-Dec 2011), v. 18(4) p. 451-459
_wBR2012002804
909 _a202311
_bLúcia
_c55
_dLúcia Elande
942 _2AGRIS
_n0
_cANA
999 _c218547
_d218547